| 000 | 00690cab a2200181 4500 | ||
|---|---|---|---|
| 001 | L130649 | ||
| 008 | 050822n2005 000 0 eng u | ||
| 035 | _a(Sirsi) u130649 | ||
| 041 | _aeng | ||
| 100 | _aThompson, Max | ||
| 245 | _aAnother league | ||
| 260 | _c2005 | ||
| 490 |
_aQS Week _v(17) 17 August 2005, 10-13(4) |
||
| 520 | _aInformation on the construction of Arsenal's new £357m Emirates Stadium, from the vacant possession process relocating 60 businesses from the site to its fit-out. | ||
| 590 | _aIKA300805 | ||
| 690 | _aPROPERTY-COMMERCIAL PROPERTY-LEISURE PROPERTY-SPORTS PROPERTY-STADIUM, ARENA AND SPORT COMPLEX PROPERTY-STADIA, ARENAS AND COMPLEXES | ||
| 942 | _n0 | ||
| 999 |
_c75755 _d75755 |
||